000 00623nam a2200229Ia 4500
003 OSt
005 20221005113704.0
006 a|||||r|||| 00| 0
007 ta
008 221004b |||||||| |||| 00| 0 eng d
024 _a58893
037 _cTextual
040 _aCRL
_cCRL
_beng
041 _2eng
_aeng
082 _aU8:2:M8, A
245 0 _aAbode of snow
_b Observations on a journey from Chinese Tibet to the Indian Caucasus through the upper valleys of the Himalaya.
250 _a2nd
260 _c1800
650 _aGEOGRAPHY
942 _hU8:2:M8, A
_cTEXL
_2cc
999 _c1028923
_d1028923